01399cam a2200229 i 4500003000400000005001700004008004100021020001800062040002100080041000800101082001900109100002800128245003600156250002200192260003400214300002800248500005300276505014500329520063700474650003501111650002301146OSt20221012165403.0170327t2016 ck gr 000 0dspa  a9789588931630 aCO-JMCRcCO-JMCR0 aspa04a864.5 /bO839p1 aOspina, William,eautor10aParar en seco /cWilliam Ospina aPrimera edición aBogotá : bDebate, c©2016 a59 páginas ; c21 cm. aIncluye datos biográficos del autor en solapa.0 aEl gran malestar -- La criatura sin límites -- El poder de los mitos -- La era cristiana -- La religión del progreso -- La madre tierra.3 aEn algún momento la naturaleza fue algo sagrado para la humanidad, y por eso era admirada, temida, respetada. Pero esa comunión se rompió. El hombre se volvió arrogante, se consideró el centro del universo y juzgó que la naturaleza era suya, que estaba ahí para su dominio y su explotación. En este ensayo, William Ospina reflexiona sobre este proceso y rastrea sus huellas en las religiones, el arte, la filosofía, la ciencia, la historia, la literatura, y llega a la dramática conclusión de que es urgente un alto en el camino, pues lo que está en juego es la supervivencia del planeta y de la raza humana.14aEnsayos colombianosySiglo XXI14aCambio climático